[Event "Ukhta"]
[Site "Ukhta"]
[Date "2009.04.07"]
[Round "8"]
[White "Vokuev, Anatoliy"]
[Black "Volkov, Alexander2222"]
[Result "0-1"]
[WhiteElo "1817"]
[BlackElo "2106"]
[PlyCount "108"]
[EventDate "2009.04.02"]
[EventType "tourn"]
[EventRounds "11"]
[EventCountry "RUS"]
[SourceTitle "EXT 2012"]
[Source "ChessBase"]
[SourceDate "2011.11.24"]
[SourceVersion "1"]
[SourceVersionDate "2011.11.24"]
[SourceQuality "1"]

1. e4 e6 2. d3 d5 3. Nd2 dxe4 4. dxe4 Bc5 5. Ngf3 Ne7 6. Bd3 Ng6 7. Nb3 Bd6 8. Bg5 Qd7 9. h4 h6 10. Be3 b6 11. Qd2 Bb7 12. 0-0-0 Nc6 13. Bb5 a6 14. Bxc6 Qxc6 15. h5 Ne5 16. Nxe5 Bxe5 17. f4 Bf6 18. e5 Be7 19. Nd4 Qa4 20. Kb1 0-0-0 21. Qc3 Bxg2 22. Rhg1 Bd5 23. a3 Rhg8 24. f5 Kb7 25. fxe6 fxe6 26. Rg6 Bc5 27. Rdg1 Bxd4 28. Bxd4 Be4 29. Rxg7 Rxg7 30. Rxg7 Rd7 31. Rxd7 Qxd7 32. Qe3 Qd5 33. Kc1 c5 34. Bc3 Bf3 35. Qd2 Kc6 36. Qe1 Bxh5 37. Bd2 Bf3 38. b3 h5 39. Qg3 Bg4 40. c4 Qh1+ 41. Kb2 Bf5 42. Qe1 Qf3 43. Qe3 Qd1 44. Qe1 Qc2+ 45. Ka1 Qxb3 46. Qh1+ Kc7 47. Qc1 Bc2 48. Qb2 Qxc4 49. Bc3 Bb3 50. Be1 Qc2 51. Qxc2 Bxc2 52. Kb2 Bf5 53. Kc3 Kc6 54. Bh4 b5 0-1

[Event "Ukhta"]
[Site "Ukhta"]
[Date "2009.04.05"]
[Round "6"]
[White "Vasilev, Peter"]
[Black "Vokuev, Anatoliy"]
[Result "1/2-1/2"]
[WhiteElo "1974"]
[BlackElo "1817"]
[PlyCount "96"]
[EventDate "2009.04.02"]
[EventType "tourn"]
[EventRounds "11"]
[EventCountry "RUS"]
[SourceTitle "EXT 2012"]
[Source "ChessBase"]
[SourceDate "2011.11.24"]
[SourceVersion "1"]
[SourceVersionDate "2011.11.24"]
[SourceQuality "1"]

1. Nf3 d6 2. d4 Nd7 3. c4 g6 4. g3 b6 5. Bg2 Bb7 6. Nc3 Bg7 7. 0-0 Ngf6 8. Qc2 0-0 9. Rd1 c6 10. e4 Qe8 11. h3 e5 12. Be3 a6 13. b4 Rd8 14. dxe5 dxe5 15. Rd2 Qe6 16. c5 bxc5 17. bxc5 Nb8 18. Na4 Rxd2 19. Bxd2 Nbd7 20. Rb1 Rb8 21. Rb3 Bc8 22. Rxb8 Nxb8 23. Nb6 Bd7 24. Bf1 Qe7 25. Bc1 Bf8 26. Ba3 h6 27. Nc4 Be6 28. Ncxe5 Qa7 29. Nd2 Nfd7 30. Nd3 a5 31. e5 Na6 32. Ne4 Nb4 33. Nxb4 axb4 34. Bxb4 Nxe5 35. Nf6+ Kg7 36. Qc3 Kxf6 37. f4 Bd6 38. a3 Bc7 39. Kh2 Bd5 40. fxe5+ Bxe5 41. Qe3 Qa4 42. Qf2+ Kg7 43. Bg2 Bxg2 44. Qxg2 h5 45. h4 f6 46. Be1 Qxh4+ 47. Qh3 Qd4 48. Qe6 Qd3 1/2-1/2

[Event "Ukhta"]
[Site "Ukhta"]
[Date "2009.04.05"]
[Round "5"]
[White "Vokuev, Anatoliy"]
[Black "Zimenko, Boris"]
[Result "0-1"]
[WhiteElo "1817"]
[BlackElo "2026"]
[PlyCount "48"]
[EventDate "2009.04.02"]
[EventType "tourn"]
[EventRounds "11"]
[EventCountry "RUS"]
[SourceTitle "EXT 2012"]
[Source "ChessBase"]
[SourceDate "2011.11.24"]
[SourceVersion "1"]
[SourceVersionDate "2011.11.24"]
[SourceQuality "1"]

1. Nf3 e6 2. g3 f5 3. Bg2 Nf6 4. d3 d5 5. 0-0 Bd6 6. Bg5 0-0 7. e4 h6 8. Bxf6 Qxf6 9. Nc3 c6 10. exf5 exf5 11. d4 f4 12. Qd2 Bg4 13. Ne2 Nd7 14. h3 Bh5 15. g4 Bg6 16. b3 Rae8 17. c4 Be4 18. Nc3 Qf7 19. cxd5 cxd5 20. Rfe1 Nf6 21. Re2 a6 22. a3 b5 23. b4 Nd7 24. Rae1 Nf6 0-1

[Event "Ukhta"]
[Site "Ukhta"]
[Date "2009.04.02"]
[Round "1"]
[White "Vokuev, Anatoliy"]
[Black "Volkov, Sergei"]
[Result "0-1"]
[WhiteElo "1817"]
[BlackElo "2291"]
[PlyCount "64"]
[EventDate "2009.04.02"]
[EventType "tourn"]
[EventRounds "11"]
[EventCountry "RUS"]
[SourceTitle "EXT 2012"]
[Source "ChessBase"]
[SourceDate "2011.11.24"]
[SourceVersion "1"]
[SourceVersionDate "2011.11.24"]
[SourceQuality "1"]

1. Nf3 Nf6 2. g3 d5 3. Bg2 c5 4. c4 d4 5. b4 cxb4 6. Qa4+ Bd7 7. Qxb4 e5 8. Qb3 Nc6 9. d3 Rb8 10. 0-0 Be7 11. Ba3 0-0 12. Bxe7 Qxe7 13. Nbd2 Ne8 14. Rfc1 b6 15. a4 Nc7 16. Qa3 Qxa3 17. Rxa3 Ne6 18. Nb3 f6 19. Nfd2 Kf7 20. Ne4 f5 21. Nd6+ Ke7 22. Nb5 a6 23. Bxc6 Bxc6 24. Na7 Ba8 25. a5 bxa5 26. Nxa5 Kd6 27. f3 Rf7 28. c5+ Kd5 29. N5c6 Bxc6 30. Rxa6 Rc7 31. Rb6 Rd8 32. f4 Rxa7 0-1